000 00745nam a2200205 i 4500
001 130272
003 ES-MaACL
005 20250809062556.0
007 t|
008 070725s1964 sp ||||1| spa d
100 1 _aZafra Valverde, José.
_9117835
245 1 3 _aEl derecho como fuerza social /
_cJosé Zafra Valverde.
260 _aPamplona :
_bUniversidad de Navarra,
_c1964 (
_fGráfs. Navarra)
300 _a252 p. ;
_c22 cm.
490 1 _aPublicaciones de la Facultad de Derecho de la Universidad de Navarra ;
_v27
650 4 _aDerecho-
_xFilosofía
_911620
830 0 0 _aPublicaciones de la Facultad de Derecho de la Universidad de Navarra
_v27
_9186810
852 _aES-MaACL
_jC-26387
_bR.55458
999 _c130272
_d130272